| 000 | 00841 a2200229 4500 | ||
|---|---|---|---|
| 999 |
_c7715 _d7715 |
||
| 020 | _a9781111581565 | ||
| 020 | _a1111581568 | ||
| 050 | 0 | 0 | _aHF 5548.4.SMI 2012 |
| 100 | 1 |
_aSmith, Gaylord N. _eauthor |
|
| 245 | 1 | 0 |
_aExcel applications for accounting principles / _cGaylord N. Smith. |
| 250 | _a4e [ed.]. | ||
| 264 |
_aHarlow : _bSouthern-Western _c2012 |
||
| 300 |
_aix, 198 p. : _bill. ; |
||
| 500 | _aText | ||
| 650 | 0 |
_aAccounting _xComputer programs. |
|
| 650 | 0 |
_aBusiness _xComputer programs. |
|
| 650 | 0 | _aElectronic spreadsheets. | |
| 856 | 4 | 2 |
_3Publisher description _uhttp://www.loc.gov/catdir/enhancements/fy1212/2011920332-d.html |
| 856 | 4 | 1 |
_3Table of contents only _uhttp://www.loc.gov/catdir/enhancements/fy1212/2011920332-t.html |
| 942 |
_2lcc _cBK _h5548.4 _iSMI _kHF |
||